Statistics for Provinces of Finland

Click here to take the quiz!

General Stats

  • This quiz has been taken 32 times
  • The average score is 9 of 19

Answer Stats

Answer% Correct
Lapland
79%
South Karelia
68%
North Karelia
64%
Uusimaa
64%
Aland Islands
46%
Central Ostrobothnia
46%
Kymenlaakso
46%
Northern Ostrobothnia
46%
Ostrobothnia
46%
Pirkanmaa
46%
Southern Ostrobothnia
46%
Kainuu
43%
Central Finland
39%
Northern Savonia
39%
Satakunta
39%
Southern Savonia
39%
Southwest Finland
32%
Paijanne Tavastia
21%
Tavastia Proper
18%

Score Distribution

Percentile by Number Answered

Percent of People with Each Score

Your Score History

You have not taken this quiz